00398nam a2200157Ia 4500003000400000008004100004040001600045082001300061100001800074245006400092260003900156300001100195650001100206650001300217650001000230GCL140319s9999 xx 000 0 eng d aGCL / cGCL04a779bG L1 aGIBBON, DAVID10aLONDON: A PICTURE BOOK TO REMEMBER HER BY / cGIBBON, DAVID a[S.N] : bCRESCENT BOOKS ، c1977 a641 PP04aLONDON04aPICTURES04aBOOKS